000 00622nam a2200265Ia 4500
008 210210b2008 xxu||||| |||| 00| 0 eng d
041 _aeng
082 _a332.02 COMS
100 _aCOMPETITION SUCCESS REVIEW
245 _aState bank of India clerical staff exam model test papers
260 _aNew Delhi
_bCompetition Review Pvt. Ltd.
_c2008
300 _a190
650 _atest
650 _aState
650 _astaff
650 _apapers
650 _aof
650 _amodel
650 _aIndia
650 _aexam
650 _aclerical
650 _abank
690 _aBanking
906 _aSG05043
999 _c133384
_d133384